| 000 | 00564nam a2200169 4500 | ||
|---|---|---|---|
| 001 | 137940 | ||
| 003 | ES-MaACL | ||
| 005 | 20230906195455.0 | ||
| 007 | t| | ||
| 008 | 070214s1966 sp r ||||1| spa d | ||
| 100 | 1 |
_aSánchez Faba, Francisco. _9102629 |
|
| 245 | 1 | 0 |
_aD. José Echegaray _b: vida y pensamiento / _cFrancisco Sánchez Faba. |
| 260 |
_aMadrid : _bInstituto Nacional de Enseñanza Media `Cervantes`, _c1966. |
||
| 300 |
_a27 p. ; _c22 cm. |
||
| 710 | 2 |
_aInstituto de Bachillerato Cervantes (Madrid) _94826 |
|
| 852 |
_aES-MaACL _j2056-F-26 _bR.62433 |
||
| 999 |
_c137940 _d137940 |
||